000 01019cam a22003257a 4500
003 CHAP
005 20220817042321.0
008 971013s1977 r 00010 d
010 _a40650
011 _a41622
035 _a45748
040 _cCHAP
090 _aFolleto 4450
100 0 0 _aFlores Mata, Gaudencio.
_941633
245 0 _aEspecificaciones para la toma de fotografías aéreas destinadas a estudios agrológicos
260 _aMéxico, D.F. :
_b(s.e.),
_c1977
300 _a7 p.
490 0 _aPublicación
_v; 14
590 _aBATCH-UPD
_b10
_c20130110
_lUCH01
_h1331
590 _aBATCH-UPD
_b10
_c20130410
_lUCH01
_h0836
590 _aBATCH-UPD
_b10
_c20130914
_lUCH01
_h1432
590 _aCONVERSION
_b10
_c20130109
_lUCH01
_h1322
650 1 4 _aFotografía aérea.
_942714
650 1 4 _aSuelos
_xMapas.
_9110427
710 0 _aMéxico. Dirección de Agrología.
_976930
830 0 _aPublicación
_v; 14
901 _aBK
942 _cFOLL
949 _aFolleto 4450
_bBC
_cFOLL
_d-104394
_eTS1
_i45748
_mD
_si
999 _c40650
_d40650